000 00414nam a2200157Ia 4500
003 LK-CoDNM
008 010623t2009 xxu||||| |||| 00| 1 eng d
040 _aLK-CoDNM
_dLK-CoDNM
_eLK-CoDNM
041 _aeng
080 _a902 DIS
100 _aDe Silva,Nimal
245 _aABIA South and Southeast Asian Art and Archeology Index
260 _bPGIAR and CCF
_aColombo
_c2009
300 _b334, 21 cm
942 _cBK
999 _c128281
_d128281